US States with the Most Metal Bands - Statistics

General Stats
  • This quiz has been taken 18 times
  • The average score is 18 of 30
Answer Stats
Total Per 100,000 Answer % Correct
3,212 15.90 New York
92%
3,204 Texas
85%
6,864 17.36 California
77%
1,748 Washington
77%
22.69 Washington
77%
25.81 Washington, DC
77%
1,901 Florida
69%
1,415 20.13 Massachusetts
69%
1,414 15.22 New Jersey
69%
1,370 Oregon
69%
32.33 Oregon
69%
2,124 16.58 Illinois
62%
16.72 New Mexico
62%
2,138 18.12 Ohio
62%
14.25 Arizona
54%
16.25 Connecticut
54%
13.13 Delaware
54%
1,281 17.34 Michigan
54%
2,245 17.27 Pennsylvania
54%
1,354 Virginia
54%
15.69 Virginia
54%
15.90 Kansas
46%
16.96 Maine
46%
1,022 Wisconsin
46%
1,114 19.29 Colorado
38%
14.44 Minnesota
38%
19.89 New Hampshire
38%
24.79 Rhode Island
38%
15.08 Vermont
38%
16.47 Wyoming
38%
No matching quizzes found
Score Distribution
Percent of People with Each Score
Percentile by Number Answered
Your Score History
You have not taken this quiz